000 01162nam0a22002891 4500
001 rc\4419623
005 20130416153950.3
021 _aRU
_b[58-71414]
035 _a(NLR Aleph) 008569282
090 _a8515102
_c8515102
100 _a20130416d1958 |||y0rusy50 ca
101 0 _arus
102 _aRU
105 _aa z |||||
200 1 _aМетодика исследования пляжей с галечными наносами
210 _aМосква
_cБ. и.
_d1958
215 _a42 с.
_cил.
_d22
225 1 _aМинтрансстрой СССР. Всесоюзный научно-исследовательский институт транспортного строительства. Сообщение
_fЧерномор. лаборатория
_v№ 142
300 _aПеред загл. авт.: инж. А.В. Зарва
606 _aБерега морей
_yЧерное море
_2psbo
606 _aНаносы морские, галечные
_xИсследование
_2psbo
700 1 _aЗарва
_bА. В.
801 0 _aRU
_bNLR
_gpsbo
801 1 _aRU
_bELAR
_2rusmarc
852 _aNLR
_jП10/936
942 _cBOOK
980 _aNB